000 00243nam a2200097Ia 4500
008 240625s9999 xx 000 0 und d
041 _aeng
082 _a808.20 CHA
100 _aCHANDANI DHYEY
245 _aONLINE PRODUCT DEVELOPMENT IN ROADS LESS
999 _c38067
_d38067